Biblioteca

Un mundo de valores / Alfonso Forero Delgadillo (Registro nro. 48482)

Detalles MARC
000 -LÍDER
Campo fijo de descripción fija 004920000a22002050004500
001 - NÚMERO DE CONTROL
Campo de control 1313
003 - IDENTIFICADOR DEL NÚMERO DE CONTROL
Campo de control CO-MdFUSB
005 - FECHA Y HORA DE LA ULTIMA TRANSACCIÓN
control field 20170810163821.0
008 - ELEMENTOS DE LONGITUD FIJA -- INFORMACIÓN GENERAL
Campo fijo de descripción fija -- Información general 170810b xxu||||| |||| 00| 0 eng d
020 ## - NÚMERO INTERNACIONAL NORMALIZADO PARA LIBROS
Número Internacional Normalizado del libro 958-8110-37-8
040 ## - FUENTE DE CATALOGACIÓN
Agencia que realiza la transcripción CO-MdBIC
082 04 - NÚMERO DE CLASIFICACIÓN DECIMAL DEWEY
Número de clasificación 863C P94m
100 1# - ASIENTO PRINCIPAL--NOMBRE PERSONAL
Nombre personal Forero Delgadillo, Alfonso
245 10 - TÍTULO
Título del Material Un mundo de valores / Alfonso Forero Delgadillo
250 ## - MENCIÓN DE EDICIÓN
Mención de edición 2a ed.
260 ## - PUBLICACIÓN, DISTRIBUCIÓN, ETC. (PIE DE IMPRENTA)
Lugar de publicación, distribución, etc. Colombia : Prolibros
300 ## - DESCRIPCIÓN FÍSICA
Extensión 80 Pag.
650 14 - ASIENTO SECUNDARIO DE MATERIA - TERMINO TEMÁTICO
Término temático o nombre geográfico como elemento de entrada VALORES
942 ## - TIPO DE MATERIAL (KOHA)
Tipo de Item KOHA Z- Libro General BINCO
Existencias
Estado de Material Estado de Perdido Forma de Clasificación Volumen-Parte/Tomo Estado de Dañado No para Préstamo Tomo Biblioteca de Origen Biblioteca Permanente Fecha de Adquisición Total de Préstamos Total de Renovaciones Signatura Topográfica Código de Barras Última vez visto Última vez Préstado Ejemplar/Existencia Fecha de Remplazo Tipo de Material
    Dewey Decimal Classification       1 Biblioteca Infantil Comunitaria BINCO Biblioteca Infantil Comunitaria BINCO 14/07/2008 1 2 863C P94mt1 B31691 22/11/2018 19/10/2018 1 26/01/2016 Z- Libro General BINCO
    Dewey Decimal Classification       2 Biblioteca Infantil Comunitaria BINCO Biblioteca Infantil Comunitaria BINCO 14/07/2008 1 2 863C P94mt2 B31692 22/11/2018 19/10/2018 1 26/01/2016 Z- Libro General BINCO

Biblioteca FUSBC | Teléfono: (57+4) 349 88 10 Ext. 141| WhatsApp (+57) 3005338115 
E-mail: biblioteca@unisbc.edu.co | Calle 76 87-14 Robledo Palenque, Medellín, Colombia

Con tecnología Koha